000
00326nam a2200133Ia 4500
005
20251222144644.0
008
251222s9999||||xx |||||||||||||| ||spa||
020
_a
978-84-9835-214-6
082
_a
615.82/E76
100
_a
Esclarín de Ruz, Ana
245
0
_a
Lesión Medular:
264
_b
Médica Panamericana
942
_c
LIB
999
_c
16797
_d
16797